[Event "Osijek op 10th"]
[Site "Osijek"]
[Date "2017.02.25"]
[Round "5"]
[White "Stimac, Mate"]
[Black "Pralija, Marin"]
[Result "0-1"]
[WhiteElo "1454"]
[BlackElo "1724"]
[PlyCount "44"]
[EventDate "2017.02.23"]
[EventType "swiss"]
[EventRounds "7"]
[EventCountry "CRO"]
[SourceTitle "EXT 2019"]
[Source "ChessBase"]
[SourceDate "2018.10.10"]
[SourceVersion "1"]
[SourceVersionDate "2018.10.10"]
[SourceQuality "1"]

1. e4 e6 2. g3 d5 3. Bg2 b6 4. d3 Bb7 5. Nd2 Nf6 6. b3 Be7 7. Bb2 c5 8. Bxf6 Bxf6 9. Rb1 Bc3 10. Ne2 Bxd2+ 11. Qxd2 dxe4 12. Rd1 e3 13. Qxe3 Bxg2 14. Rg1 Bb7 15. d4 Qe7 16. Qe5 0-0 17. Nc3 Nd7 18. Qe3 cxd4 19. Rxd4 Nf6 20. Qe5 Rad8 21. Rc4 Nd5 22. Rg4 f6 0-1

[Event "Osijek op 10th"]
[Site "Osijek"]
[Date "2017.02.24"]
[Round "3"]
[White "Stimac, Mate"]
[Black "Damjanovic, Stjepan"]
[Result "0-1"]
[WhiteElo "1454"]
[BlackElo "1617"]
[PlyCount "68"]
[EventDate "2017.02.23"]
[EventType "swiss"]
[EventRounds "7"]
[EventCountry "CRO"]
[SourceTitle "EXT 2019"]
[Source "ChessBase"]
[SourceDate "2018.10.10"]
[SourceVersion "1"]
[SourceVersionDate "2018.10.10"]
[SourceQuality "1"]

1. e4 e5 2. Nc3 Nf6 3. Nf3 Nc6 4. Bb5 Bc5 5. Bxc6 dxc6 6. d3 0-0 7. Bg5 h6 8. Bxf6 Qxf6 9. h3 Be6 10. Ne2 Rae8 11. Qd2 Bd7 12. Nc3 Qd6 13. a3 a6 14. Nh2 f5 15. f3 fxe4 16. Nxe4 Qd4 17. 0-0-0 Be7 18. Rhf1 Bf5 19. c3 Qd7 20. f4 Bxe4 21. g3 Bh7 22. fxe5 Bg5 23. Rf4 Bxf4 24. gxf4 Qxh3 25. Nf1 Rd8 26. d4 Qf3 27. Re1 Qxf4 28. Ne3 Qf2 29. Qd1 Rf3 30. Ng4 Qg3 31. Nxh6+ Kh8 32. Qe2 Rxc3+ 33. bxc3 Qxc3+ 34. Kd1 Rxd4+ 0-1

[Event "Osijek op 10th"]
[Site "Osijek"]
[Date "2017.02.23"]
[Round "1"]
[White "Stimac, Mate"]
[Black "Sos, Fran"]
[Result "0-1"]
[WhiteElo "1454"]
[BlackElo "1863"]
[PlyCount "74"]
[EventDate "2017.02.23"]
[EventType "swiss"]
[EventRounds "7"]
[EventCountry "CRO"]
[SourceTitle "EXT 2019"]
[Source "ChessBase"]
[SourceDate "2018.10.10"]
[SourceVersion "1"]
[SourceVersionDate "2018.10.10"]
[SourceQuality "1"]

1. e4 c5 2. Nf3 d6 3. Nc3 Nc6 4. Bb5 a6 5. Bxc6+ bxc6 6. d4 cxd4 7. Nxd4 Qc7 8. 0-0 g6 9. h3 Bg7 10. Re1 Nf6 11. Bg5 0-0 12. Qd3 Rb8 13. b3 Bb7 14. Nf3 Rfd8 15. Rad1 h6 16. Bxf6 Bxf6 17. Qe3 Bg7 18. Ne2 Qa5 19. a4 e6 20. h4 Rbc8 21. Ng3 h5 22. Ng5 Bc3 23. Rf1 c5 24. Qf4 Qc7 25. Qe3 Bd4 26. Qd3 d5 27. c3 Be5 28. exd5 Rxd5 29. Qc2 Rxd1 30. Rxd1 Bxg3 31. Nxe6 Qc6 32. fxg3 Qxe6 33. Qf2 Re8 34. Kh2 Qe2 35. Qg1 Re3 36. Rf1 Qd2 37. c4 Re2 0-1

[Event "Osijek op 10th"]
[Site "Osijek"]
[Date "2017.02.23"]
[Round "2"]
[White "Vukajlovic, Zorana"]
[Black "Stimac, Mate"]
[Result "1-0"]
[WhiteElo "1709"]
[BlackElo "1454"]
[PlyCount "113"]
[EventDate "2017.02.23"]
[EventType "swiss"]
[EventRounds "7"]
[EventCountry "CRO"]
[SourceTitle "EXT 2019"]
[Source "ChessBase"]
[SourceDate "2018.10.10"]
[SourceVersion "1"]
[SourceVersionDate "2018.10.10"]
[SourceQuality "1"]

1. e4 c5 2. Nf3 Nc6 3. d4 cxd4 4. Nxd4 Nxd4 5. Qxd4 d6 6. Nc3 e5 7. Qd1 Nf6 8. Be3 h6 9. f3 Be7 10. Qd2 Be6 11. g4 Nh7 12. 0-0-0 Bg5 13. Bxg5 Nxg5 14. Be2 0-0 15. h4 Nh7 16. Qxd6 Qf6 17. Nd5 Bxd5 18. Qxd5 Qf4+ 19. Qd2 Qf6 20. Qd6 Qf4+ 21. Kb1 Qe3 22. Qd2 Qb6 23. Qc3 Rfe8 24. Rd5 Rac8 25. Qa5 Qc6 26. Rd2 Qe6 27. Bb5 b6 28. Qa4 Re7 29. Bd7 Rxd7 30. Qxd7 Nf8 31. Qxe6 Nxe6 32. c3 a5 33. Rhd1 b5 34. Rd5 b4 35. cxb4 axb4 36. Rc1 Rb8 37. Rd6 Nd4 38. Rxd4 exd4 39. Rc4 d3 40. Kc1 Rd8 41. Kd2 Rb8 42. Kxd3 b3 43. a3 f6 44. Rb4 Rd8+ 45. Ke2 Kf7 46. Rxb3 Ke6 47. Rd3 Rb8 48. b4 g6 49. Rc3 Ke5 50. Ke3 f5 51. Rc5+ Kf6 52. exf5 Ra8 53. Ra5 Re8+ 54. Kf2 Rd8 55. Ra6+ Ke5 56. Re6+ Kf4 57. Re4# 1-0